00657nam a22001097a 4500008004100000245001800041300001800059653028100077942001600358999001500374952015800389190410| ||| | ||||||0| ||spa d aHueso Frontal eHueso Frontal a Hueso impar, central, simétrico y planoaTien dos caras (endocraneal y exocraneal) y un borde circunferencialaSe encuentra en la parte anterosuperior del cráneo por delante de los huesos parietales, por arriba del esfenoides, y por encima del etmoides y el macizo facial cHUESOS2ddc c3179d3179 00102ddc4070aBFMbBFMd2023-08-14eDonación Agosto 2023l1pHFRO 133r2024-05-13s2024-05-13tEj. 1w0000-00-00yHUESOSzDonación Agosto 2023f